TV Shows by Subtitle Quiz Stats

 Plays Quiz Updated Sep 10, 2012

Challenge
Share
Tweet
Embed
Score 0/20 Timer 05:00
2 Plays Today
Subtitle Title % Correct
NY or MiamiCSI
93.5%
Warrior PrincessXena
88.4%
Deep Space NineStar Trek
78.3%
Criminal IntentLaw & Order
76.5%
The Sarah Connor ChroniclesTerminator
68.4%
Home EditionExtreme Makeover
66.4%
Dead or AliveWanted
61.1%
The Last AirbenderAvatar
56.1%
My Life on the D-ListKathy Griffin
51.2%
Robots in DisguiseTransformers
50.2%
Subtitle Title % Correct
BorneoSurvivor
49.8%
The New ClassSaved by the Bell
45.3%
The Next GenerationDegrassi
37.7%
The New Adventures of SupermanLois & Clark
36.1%
Life on the StreetHomicide
27.1%
A Real American HeroG.I. Joe
25.2%
The Real Orange CountyLaguna Beach
20.7%
Blood and SandSpartacus
20%
The Legendary JourneysHercules
17.7%
The Brave and the BoldBatman
12.3%

You're not logged in!

Compare scores with friends on all Sporcle quizzes.
Join for Free
OR
Log In

You Might Also Like...

Show Comments

Extras

Top Quizzes Today


Score Distribution

Your Account Isn't Verified!

In order to create a playlist on Sporcle, you need to verify the email address you used during registration. Go to your Sporcle Settings to finish the process.

Report this User

Report this user for behavior that violates our Community Guidelines.

Details: